000 00614nam a22001817a 4500
005 20171220153007.0
010 _aENG-121928
020 _a9788125052005
_c325.00
035 _aEN-105460
037 _bDBAD/PUB
082 _a880
245 _aEnglish literature :
_bSixteenth to eighteenth centuries /
260 _aChennai
_bOrient Blackswan Private Limited
_c2013
270 _aOrient Blackswan Private Limited, 160 Anna Salai,
_bChennai
_e600002
300 _a365p.
_c24cm(pbk.)
500 _aApproved by the board of studies in english davangere university
942 _2ddc
_cEN
_h880
_mENG
999 _c148093
_d148093